000 00621nam a2200229 a 4500
001 BRL_1727
005 20190320211336.0
008 150615m19881989dk-#######---#000-0#eng-#
020 _a8798285122
041 _aeng
044 _adk
050 4 _aTT1
_b.W67 1988-1989
110 2 _aWorld Crafts Council
_922826
245 1 0 _aA guide to
_bWorld Crafts Council
260 _aDinamarcá
_bWorld Crafts Council
_c1988-1989
300 _a45 p.
_bil. (algunas a color)
_c21 cm.
500 _aAu27.
650 1 4 _aArtesanías
_xCongresos
_922827
650 1 4 _aArtesanos
_xCongresos
_922828
902 _aGRL
942 _2lcc
_cB
999 _c10535
_d10535